LEADER 01380nam a2200217 i 4500 001 000000226057 003 CaOOAMICUS 005 20140103000000.0 008 140103s1889 it u000 u fre u 013 $a204959 040 $aSeMil$bita 245 10$aDictionnaire des antiquités chrétiennes :$bcontenant le résumé de tout ce qu'il est essentiel de connaître sur les origines chrétiennes jusqu'au moyen âge exclusivement. 1. Étude des moeurs et coutumes des premiers chrétiens. 2. Étude des monuments figurés. 3. Vêtements et meubles /$cpar l'abbé Martigny. 250 $a3. éd. 260 $aParis :$bHachette et C.,$c1889. 300 $aXXV, 830 p. :$bill. ;$c28 cm. 650 4$aAntichità cristiane - Enciclopedie e dizionari.$0(OLS)http://semarc/subject/825 700 1 $aMartigny, Joseph Alexandre.$0(OLS)http://semarc/name/78465 850 $aSeMil 852 $aSeMil$W1$xVenegono$y1$m2T V 8 FA$j176403$B176403$CSeMilBibl$Z2$F186938 $8I 996 $6245$aDictionnaire des antiquités chrétiennes :$bcontenant le résumé de tout ce qu'il est essentiel de connaître sur les origines chrétiennes jusqu'au moyen âge exclusivement. 1. Étude des moeurs et coutumes des premiers chrétiens. 2. Étude des monuments figurés. 3. Vêtements et meubles$9(OLS)http://semarc/title/323712 996 $6260$aParis :$bHachette et C.$9(OLS)http://semarc/publisher/31563 LEADER 00921nam a2200229 i 4500 001 000000128311 003 CaOOAMICUS 005 20041004000000.0 008 041004s2004 it u000 u ita u 013 $a101037 020 $a88-7229-233-6 040 $aSeMil$bita 100 1 $aBasilico, Piero.$0(OLS)http://semarc/name/21310 245 10$aRisorgimento :$buna rilettura. Tra storia e filosofia /$cPiero Basilico. 260 $aMorena (Roma) :$bOCD,$ccopyr. 2004. 300 $a175 p. ;$c21 cm. 650 4$aRisorgimento italiano.$0(OLS)http://semarc/subject/4116 850 $aSeMil 852 $aSeMil$W1$xVenegono$y1$m598 33 19 *$j82538$B82538$CSeMilBibl$Z2$F84880 $81 996 $6020$a88-7229-233-6$9(OLS)http://semarc/number/114741 996 $6245$aRisorgimento :$buna rilettura. Tra storia e filosofia$9(OLS)http://semarc/title/189589 996 $6260$aMorena (Roma) :$bOCD$9(OLS)http://semarc/publisher/31717